000
00317nam a22001337a 4500
008
210311b ||||| |||| 00| 0 eng d
041
_a
eng
080
_a
82
082
_a
82
100
_a
21
101
_a
GJL
245
_a
Integrating Language Arts Through Literature & Thematic Units
_c
Roe,B.D
942
_2
udc
_c
BK
999
_c
56351
_d
56351